Rozpoznaj stan USA po fladze (TRUDNE) - Statystyki

Ogólne statystyki
  • Ten quiz został rozwiązany 124 razy
  • Średni wynik to 31 z 50
Statystyki odpowiedzi
Obrazkowy Odpowiedź % Poprawnych
Teksas
87%
Waszyngton
86%
Alaska
85%
Kalifornia
83%
Floryda
81%
Montana
80%
Alabama
77%
Nevada
76%
Arkansas
73%
Hawaje
72%
Idaho
72%
Kentucky
72%
Nowy Meksyk
72%
Oklahoma
72%
Utah
71%
Nowy Jork
70%
Dakota Północna
68%
Dakota Południowa
68%
Karolina Północna
68%
Karolina Południowa
68%
Minnesota
68%
Indiana
67%
Arizona
63%
Nebraska
63%
Wirginia
63%
Georgia
61%
Kolorado
61%
Ohio
61%
Maine
59%
Wyoming
57%
New Hampshire
56%
Vermont
55%
Luizjana
53%
Rhode Island
53%
Wirginia Zachodnia
51%
Illinois
50%
Massachusetts
50%
Missisipi
50%
Oregon
50%
Pensylwania
50%
Missouri
49%
Kansas
47%
Maryland
47%
Iowa
46%
Tennessee
46%
Michigan
45%
New Jersey
44%
Delaware
43%
Wisconsin
42%
Connecticut
41%
Nie znaleziono quizów pasujących do podanych kryteriów
Rozkład punktacji
Procent ludzi z każdym wynikiem
Percentyl według liczby udzielonych odpowiedzi
Twoja historia wyników
Nie rozwiązałeś tego quizu